000 00711nam a2200289Ia 4500
005 20260324125931.0
008 008 260324s9999 xx 000 0 eng d
020 _a9781351226301
037 _aEBOOK
040 _aCRL
040 _beng
040 _cCRL
041 _2eng
041 _aeng
084 _qCRL
100 _aJoel Spring
_9999278
245 4 _aThe Intersection of Cultures
245 0 _bMulticultural Education in the United States and the Global Economy
260 _bTaylor and Francis
260 _c2008
365 _a
365 _b245
856 _uhttp://www.taylorfrancis.com/books/9781351226301
942 _cEBOOK
999 _c1775568
_d1775568